Technology Strategy Patterns (Record no. 349721)

MARC details
000 -LEADER
fixed length control field 00473nam a2200169Ia 4500
008 - FIXED-LENGTH DATA ELEMENTS--GENERAL INFORMATION
fixed length control field 230718s9999 xx 000 0 und d
020 ## - INTERNATIONAL STANDARD BOOK NUMBER
International Standard Book Number 9789352137893
041 ## - LANGUAGE CODE
Language code of text/sound track or separate title eng
082 ## - DEWEY DECIMAL CLASSIFICATION NUMBER
Classification number 658.4038
Item number HEW
100 ## - MAIN ENTRY--PERSONAL NAME
Personal name Hewitt E.
9 (RLIN) 169684
245 ## - TITLE STATEMENT
Title Technology Strategy Patterns
Remainder of title Architecture As Strategy
260 ## - PUBLICATION, DISTRIBUTION, ETC. (IMPRINT)
Date of publication, distribution, etc. 2019
Name of publisher, distributor, etc. SPD/O'Reilly
300 ## - PHYSICAL DESCRIPTION
Extent 281
365 ## - TRADE PRICE
Currency code Rs.
Price amount 750.00
700 ## - ADDED ENTRY--PERSONAL NAME
Personal name Hewitt E.
9 (RLIN) 169684
906 ## - LOCAL DATA ELEMENT F, LDF (RLIN)
d O:0642601-Mar-2019B:507818-Feb-2019
c TC
b 165
Holdings
Withdrawn status Lost status Damaged status Not for loan Home library Current library Date acquired Vendor Budget Code Cost, normal purchase price Bill number Total Checkouts Full call number Barcode Date last seen Discount Cost, replacement price Bill Date Koha item type Original Barcode
        Cummins College of Engineering for Women Pune Cummins College of Engineering for Women Pune 01/03/2019 Technical Book Services TC 585.00 5078   658.4038 CCEP-BK-60928 18/07/2023 165 750.00 18/02/2019 Books 060928